| 000 | 00583nam a2200145Ia 4500 | ||
|---|---|---|---|
| 003 | GCL | ||
| 008 | 140319s9999 xx 000 0 ara d | ||
| 040 |
_aGCL / _cGCL |
||
| 082 | 0 | 4 |
_a415.1 _bج ا |
| 100 | 1 | _aابن جنى : ابوالفتح عثمان الموصلى البغدادى | |
| 245 | 1 | 0 |
_aالالفاظ المهموزة وعقود الهمز: ما يحتاج اليه الكاتب من مهموز ومقصور وممدود / _cابن جنى : ابوالفتح عثمان الموصلى البغدادى |
| 700 | 1 | _aمازن المبارك | |
| 300 | _a80 ص | ||
| 490 | _a | ||
| 999 |
_c37793 _d37793 |
||